Записка действительного статского советника А. Гезена о количестве уроков по русскому и древним языкам в гимназиях разных госуда...

Доступно только в Электронных читальных залах Найти на картеНа карте
RUSMARC
00004043nmc2a22000003x 450
0014f292142-b61c-4c24-b527-74a755a5211c
00520210217192702.0
100##$a20190716l17831906k l0rusy0189 ca
1010#$arus
102##$aRU
2001#$aЗаписка действительного статского советника А. Гезена о количестве уроков по русскому и древним языкам в гимназиях разных государств
$jбез даты
251##$cДело
300##$aМатериалы по служебной деятельности И.Д. Делянова. По Министерству народного просвещения
801#0$aRU
$bРГИА
$c20190716
$gRCR
801#1$aRU
$bГлавНИВЦ
$c20190716
$2rusmarc
801#2$aRU
$bПБ им. Б.Н. Ельцина
$c20210217
$gRCR
$2rusmarc
850##$aРГИА
852##$aРГИА
$eФедеральное казенное учреждение "Российский государственный исторический архив" (РГИА)
$j242
937##$hРГИА
$d12276304
$aASBIBLIO_SCAN
462#0$10013dfa799b-3a50-4673-b3be-8a348f2dcc4f
$12001
$aЛичные, служебные и имущественные документы И. Д. Делянова. Переписка И. Д. Делянова и членов его семьи. Служебная переписка директора Департамента народного просвещения Н. М. Аничкова
$1251
$cОпись
$1852
$j1
461#0$100199155341-bdc0-4986-8135-aafdb775052f
$12001
$aДелянов Иван Давыдович, граф, статс-секретарь, управляющий делами Секретного комитета о раскольниках, попечитель учебного округа, директор Публичной библиотеки, министр народного просвещения
$1251
$cФонд
$1852
$j1604
215##$a4 л.
$d36,5х26 см
371##$aДокумент не является опубликованным и широко распространяемым
105##$ay###
1222#$ad
035##$a4f292142-b61c-4c24-b527-74a755a5211c
856##$uhttp://readingroom.main.prlib.ru/item.aspx?id_node=n157405109&mode=full
Формат отображения